02710 2200181 4500001002100000005001500021035002000036007000300056008004100059020002200100100002100122245012300143250001100266260003800277300002600315650002300341520216400364INLIS00000000000574920260417012048 a0010-0426000034ta260417 0 ind  a978-602-376-371-90 aPRATYAHARA, Dayu1 aRevolusi Industri 4.0 : Siap Menghadapi dan Menyambut Tantangan Revolusi Industri 4.0 /cDayu Pratyahara, Yeni Mulyani acet. 1 aYogyakarta :bPustaka Baru,c2021 a224 hal.: Ilus; 23 cm 4aREvoluasi industri aBuku Revolusi Industri 4.0: Siap Menghadapi dan Menyambut Tantangan Revolusi Industri 4.0 mengkaji secara komprehensif transformasi besar yang terjadi akibat integrasi teknologi digital dalam berbagai aspek kehidupan. Revolusi Industri 4.0 tidak hanya mengubah cara manusia bekerja dan berinteraksi, tetapi juga memengaruhi nilai, pola pikir, dan identitas manusia. Sebagaimana dikemukakan oleh Klaus Schwab, revolusi ini tidak hanya mengubah apa yang dilakukan manusia, tetapi juga siapa manusia itu sendiri. Latar belakang penulisan buku ini didasarkan pada percepatan perkembangan teknologi yang menuntut kesiapan sumber daya manusia, organisasi, dan kebijakan agar mampu beradaptasi dan tetap kompetitif di tengah disrupsi global. Buku ini menguraikan konsep dasar Revolusi Industri 4.0, meliputi karakteristik, pendorong utama, serta dampaknya terhadap sektor ekonomi, pendidikan, dan ketenagakerjaan. Pembahasan mencakup pemanfaatan teknologi seperti Internet of Things (IoT), kecerdasan buatan, big data, dan otomasi dalam meningkatkan efisiensi, produktivitas, serta inovasi. Selain itu, buku ini menyoroti perubahan pola kerja, munculnya profesi baru, serta hilangnya beberapa jenis pekerjaan akibat disrupsi teknologi. Disajikan pula uraian mengenai jejak revolusi industri, era transformasi digital, fenomena disrupsi, serta strategi bertahan dan beradaptasi di tengah perubahan yang cepat. Keunggulan buku ini terletak pada penyajian yang sistematis, kontekstual, dan aplikatif, dilengkapi dengan analisis tantangan dan peluang yang dihadapi Indonesia. Buku ini juga menguraikan strategi kesiapan pada level individu, organisasi, dan pemerintah, termasuk penguatan pendidikan, peningkatan keterampilan, serta pengembangan ekosistem inovasi sebagai respons terhadap era disrupsi. Buku ini ditujukan bagi akademisi, praktisi, dan pembuat kebijakan sebagai referensi dalam memahami dan merespons dinamika Revolusi Industri 4.0. Dengan pendekatan yang aplikatif, buku ini diharapkan dapat menjadi panduan dalam mempersiapkan diri menghadapi tantangan sekaligus memanfaatkan peluang yang ditawarkan oleh transformasi digital secara optimal.